[Event "NM for klubblag"]
[Site "Drammen"]
[Date "2010.10.09"]
[Round "4"]
[White "Urkedal, Frode Olav Olsen"]
[Black "Gandrud, Vegar Koi"]
[Result "0-1"]
[WhiteElo "2424"]
[BlackElo "2191"]
[PlyCount "138"]
[EventDate "2011.??.??"]
[WhiteTeam "Schakklubben av 1911 1"]
[BlackTeam "Hønefoss Sjakklubb 1"]

1. d4 d5 2. c4 e6 3. Nf3 c6 4. e3 Nf6 5. Nbd2 Nbd7 6. Bd3 Bd6 7. O-O O-O 8. e4
dxe4 9. Nxe4 Nxe4 10. Bxe4 Nf6 11. Bc2 b6 12. Qd3 Bb7 13. Bg5 g6 14. Rad1 Be7
15. Qc3 Ne4 16. Bxe4 Bxg5 17. Ne5 Rc8 18. c5 Qc7 19. b4 Bf6 20. g3 Bg7 21. Rfe1
Rfd8 22. h4 h5 23. Bc2 Qe7 24. Bb3 Qf6 25. Rd3 Rf8 26. Nd7 Qe7 27. Nxf8 Rxf8
28. Bd1 Rd8 29. cxb6 axb6 30. Bf3 Ba6 31. Rdd1 Bb5 32. Qb3 Qf6 33. Be2 Bxe2 34.
Rxe2 Rxd4 35. Rxd4 Qxd4 36. Rc2 Bf8 37. a3 c5 38. b5 Qd1+ 39. Kh2 Bg7 40. a4
Bd4 41. Qa2 Qf3 42. a5 bxa5 43. b6 c4 44. Qxa5 Bxf2 45. Qc3 Bxg3+ 46. Kg1 Bf2+
47. Kh2 Qxc3 48. Rxc3 Bxb6 49. Rxc4 Kg7 50. Kg3 Bd8 51. Rc8 Be7 52. Re8 Bf6 53.
Kh3 g5 54. hxg5 Bxg5 55. Kg3 Kg6 56. Rg8+ Kf5 57. Rh8 h4+ 58. Kf3 f6 59. Re8 e5
60. Re7 Bf4 61. Rh7 e4+ 62. Ke2 Kg4 63. Rg7+ Bg5 64. Kf2 f5 65. Kg2 f4 66. Rg8
f3+ 67. Kh2 e3 68. Kh1 e2 69. Rd8 f2 0-1

[Event "NM for klubblag"]
[Site "Drammen"]
[Date "2010.10.09"]
[Round "4"]
[White "Thingstad, Even"]
[Black "Hansen, Torbjørn Ringdal"]
[Result "0-1"]
[WhiteElo "2120"]
[BlackElo "2413"]
[PlyCount "124"]
[EventDate "2011.??.??"]
[WhiteTeam "Hønefoss Sjakklubb"]
[BlackTeam "Schakklubben av 1911 1"]

1. d4 Nf6 2. c4 g6 3. Nc3 Bg7 4. e4 d6 5. Nf3 O-O 6. Be2 e5 7. O-O Nc6 8. d5
Ne7 9. Ne1 Nd7 10. f3 f5 11. g4 Nf6 12. h4 a6 13. b3 Qd7 14. Bg5 h6 15. Bxf6
Bxf6 16. Ng2 c6 17. Qd2 b5 18. dxc6 Qxc6 19. cxb5 axb5 20. Nxb5 Ba6 21. a4 Kh7
22. Rac1 Qb6+ 23. Kh1 Rad8 24. Nc7 Bc8 25. a5 Qxb3 26. Rb1 Qa4 27. Ra1 Qd7 28.
Rfc1 d5 29. Nxd5 Nxd5 30. Qxd5 Qxd5 31. exd5 e4 32. Rc7+ Kh8 33. Rd1 exf3 34.
Bxf3 fxg4 35. Be4 Be5 36. Rc6 Rd6 37. Rxd6 Bxd6 38. Bxg6 g3 39. Bd3 Rf2 40. a6
Ra2 41. Re1 Kg7 42. Re2 Ra3 43. Bc4 Ra4 44. Bb5 Ra1+ 45. Re1 Ra5 46. Bc4 Bg4
47. Be2 Bh3 48. Rd1 Ra2 49. Bf1 Kf6 50. Re1 Kg7 51. Ne3 Bd7 52. Bg2 Rxa6 53.
Bf3 Ra4 54. h5 Rh4+ 55. Kg1 Ra4 56. Kg2 Kf6 57. Nf1 Ra8 58. Be4 Ra2+ 59. Kf3
Rf2+ 60. Ke3 Bc5+ 61. Kd3 Bb5+ 62. Kc3 Bxf1 0-1

[Event "NM for klubblag"]
[Site "Drammen"]
[Date "2010.10.09"]
[Round "4"]
[White "Bae, Torstein"]
[Black "Myhrvold, Rune"]
[Result "1-0"]
[WhiteElo "2400"]
[BlackElo "2118"]
[PlyCount "86"]
[EventDate "2011.??.??"]
[WhiteTeam "Schakklubben av 1911 1"]
[BlackTeam "Hønefoss Sjakklubb 1"]

1. e4 c6 2. d4 d5 3. exd5 cxd5 4. c4 Nf6 5. Nc3 Nc6 6. Bg5 Ne4 7. Nxe4 dxe4 8.
d5 f6 9. Bd2 Nd4 10. Bc3 e5 11. Ne2 Nf5 12. Ng3 e3 13. f3 Nh4 14. Qc2 Bd7 15.
Bd3 Qb6 16. O-O-O Rc8 17. Rhe1 Qa6 18. Kb1 b5 19. cxb5 Bxb5 20. Bxb5+ Qxb5 21.
d6 Kd7 22. Rxe3 g6 23. Re4 Nxg2 24. Qxg2 Rxc3 25. Qh3+ f5 26. Nxf5 Kc6 27. Ne7+
Kb6 28. Qe6 Bh6 29. a4 Qb3 30. Qxb3+ Rxb3 31. d7 Rd8 32. Rc4 Rxf3 33. Nc6 Rdf8
34. Nxe5 R3f6 35. Rb4+ Ka6 36. Rc4 Kb7 37. a5 Bf4 38. Nd3 Bd6 39. b4 R6f7 40.
Rd4 Kc6 41. Rc1+ Kxd7 42. Ne5+ Ke6 43. Nxf7 Kxf7 1-0

[Event "NM for klubblag"]
[Site "Drammen"]
[Date "2010.10.09"]
[Round "4"]
[White "Thingstad, Anders"]
[Black "Bjerke, Silje"]
[Result "1-0"]
[WhiteElo "1962"]
[BlackElo "2185"]
[PlyCount "123"]
[EventDate "2011.??.??"]
[WhiteTeam "Hønefoss Sjakklubb 1"]
[BlackTeam "Schakklubben av 1911 1"]

1. d4 Nf6 2. c4 g6 3. Nc3 d5 {[%emt 0:00:00]} 4. cxd5 {[%emt 0:00:01]} Nxd5 {
[%emt 0:00:03]} 5. e4 {[%emt 0:00:00]} Nxc3 6. bxc3 Bg7 7. Nf3 c5 8. Rb1 O-O 9.
Be2 b6 10. O-O Bb7 11. Qd3 Qc7 12. Rd1 Nd7 13. Qe3 cxd4 14. cxd4 Qc2 15. Nd2
Qxa2 16. Ba3 Qe6 17. Bc4 Qf6 18. Bb5 Rfd8 19. e5 Qe6 20. Bc4 Bd5 21. Bxd5 Qxd5
22. Bxe7 Re8 23. Bd6 Rac8 24. Nf3 Nf6 25. Qa3 Ne4 26. Bb4 Rc2 27. Be1 Ra2 28.
Qd3 Bh6 29. Rb5 Qd7 30. Rb4 Ng5 31. Nxg5 Bxg5 32. Qb3 Ra5 33. d5 Rxe5 34. f4
Rexd5 35. Rxd5 Rxd5 36. fxg5 Rxg5 37. Qe3 Rd5 38. Re4 h5 39. Re7 Qd6 40. Rxa7
Qc5 41. Qxc5 bxc5 42. Ra8+ Kh7 43. Bc3 g5 44. Rc8 Kg6 45. Kf2 Kf5 46. Ke3 g4
47. Rc6 Kg5 48. Ke4 Rd1 49. Rxc5+ Kg6 50. Rf5 Rg1 51. Rf6+ Kg5 52. Rf2 Kg6 53.
g3 Rh1 54. Rf6+ Kg5 55. Rd6 f6 56. Bxf6+ Kg6 57. Be5+ Kh7 58. Rd2 Kg6 59. Rd6+
Kh7 60. Kf4 Rxh2 61. Rd8 Rf2+ 62. Kg5 1-0

[Event "NM for klubblag"]
[Site "Drammen"]
[Date "2010.10.09"]
[Round "4"]
[White "Berg, Emanuel"]
[Black "Tisdall, Jonathan"]
[Result "1-0"]
[WhiteElo "2550"]
[BlackElo "2397"]
[PlyCount "53"]
[EventDate "2011.??.??"]
[WhiteTeam "Oslo Schakselskap 1"]
[BlackTeam "Asker Schakklubb 1"]

1. e4 e5 2. Nf3 Nc6 3. Bb5 Nd4 4. Nxd4 exd4 5. O-O Bc5 6. b4 Bb6 7. c4 c6 8.
Ba4 d6 9. d3 Qh4 10. Nd2 Nf6 11. Nf3 Qh5 12. Bf4 Bg4 13. Bxd6 O-O-O 14. Bg3
Rhe8 15. c5 Bc7 16. b5 cxb5 17. Bxb5 Bxg3 18. fxg3 Re5 19. Qa4 Bxf3 20. Qxa7
Bxe4 21. dxe4 Nxe4 22. Bc6 Nxc5 23. Rab1 Kc7 24. Qb6+ Kc8 25. Qa7 Kc7 26. Bxb7
Kd6 27. Bf3 1-0

[Event "NM for klubblag"]
[Site "Drammen"]
[Date "2010.10.09"]
[Round "4"]
[White "Sahl, Bjarke"]
[Black "Moen, Andreas G R"]
[Result "1-0"]
[WhiteElo "2345"]
[BlackElo "2331"]
[PlyCount "118"]
[EventDate "2011.??.??"]
[WhiteTeam "Asker Schakklubb 1"]
[BlackTeam "Oslo Schakselskap 1"]

1. d4 d5 2. c4 dxc4 3. Nc3 Nc6 4. d5 Ne5 5. f4 Ng6 6. e4 e5 7. dxe6 Qxd1+ 8.
Kxd1 fxe6 9. Bxc4 a6 10. a4 Bb4 11. Nf3 Nf6 12. Re1 Bd7 13. Kc2 O-O-O 14. Ng5
Rde8 15. e5 Nd5 16. f5 Ngf4 17. g3 h6 18. Nf7 Rhf8 19. gxf4 Rxf7 20. Bxd5 exd5
21. e6 Bc6 22. Re5 Rff8 23. Ne2 Bd6 24. Nd4 g6 25. b4 Re7 26. b5 Be8 27. Rxd5
gxf5 28. Rxd6 cxd6 29. Ba3 Rf6 30. Bxd6 Rexe6 31. Be5 Rg6 32. Kc3 Bd7 33. Nxe6
Rxe6 34. Kb4 axb5 35. axb5 Kd8 36. Kc5 Ke7 37. Rg1 Kf8 38. Rd1 Ke7 39. Rg1 Kf8
40. Rg2 Be8 41. Bd6+ Kf7 42. Be5 Rg6 43. Ra2 b6+ 44. Kc4 Rg1 45. Ra7+ Kg8 46.
Rb7 Rc1+ 47. Kd5 Bxb5 48. Rxb6 Bc4+ 49. Kd4 Ba2 50. Rxh6 Rd1+ 51. Kc5 Kf8 52.
Rf6+ Bf7 53. Rxf5 Rh1 54. Bd6+ Kg7 55. Rg5+ Kh6 56. Bf8+ Kh7 57. Rg7+ Kh8 58.
Rxf7 Kg8 59. Rf5 Rxh2 1-0

[Event "NM for klubblag"]
[Site "Drammen"]
[Date "2010.10.09"]
[Round "4"]
[White "Trygstad, Kristian D"]
[Black "Ekeberg, Carl Fredrik"]
[Result "1-0"]
[WhiteElo "2295"]
[BlackElo "2252"]
[PlyCount "133"]
[EventDate "2011.??.??"]
[WhiteTeam "Oslo Schakselskap 1"]
[BlackTeam "Asker Schakklubb 1"]

1. e4 c5 2. Nc3 Nc6 3. f4 g6 4. Nf3 Bg7 5. a3 d6 6. Be2 a6 7. O-O e6 8. Rb1
Nge7 9. b4 b6 10. bxc5 bxc5 11. Bb2 O-O 12. Na4 Nd4 13. Bxd4 cxd4 14. Nb6 Rb8
15. Nxc8 Qxc8 16. Rxb8 Qxb8 17. Bxa6 Qa7 18. Bd3 Qxa3 19. f5 Qc5 20. fxe6 fxe6
21. Qe1 h6 22. Qh4 g5 23. Qg4 Qc8 24. h4 e5 25. Qxc8 Rxc8 26. hxg5 hxg5 27.
Nxg5 Bh6 28. Nf3 Kg7 29. Kf2 Ng6 30. g3 Kf6 31. Rh1 Bf8 32. Rh7 Be7 33. g4 Ke6
34. g5 Rh8 35. Bc4+ Kd7 36. Rxh8 Nxh8 37. Kg3 Ng6 38. Kg4 Nf4 39. Kf5 Ke8 40.
g6 Kf8 41. Nxd4 exd4 42. Kxf4 Bf6 43. Kf5 Ke7 44. Bd5 Be5 45. Kg4 Kd7 46. Kf3
Kc7 47. Ke2 Kb6 48. Kd3 Kc5 49. c3 dxc3 50. dxc3 Kb5 51. Ke3 Kb6 52. c4 Kc7 53.
Kf3 Kd7 54. Kg4 Ke7 55. Kf5 Bg7 56. Bc6 Bh8 57. Ba4 Bg7 58. Bb3 Bh8 59. e5 dxe5
60. c5 Kd7 61. Ba4+ Ke7 62. Ke4 Kd8 63. Kd5 Kc7 64. Bc2 Kd7 65. Bf5+ Kc7 66.
Be4 Kd7 67. c6+ 1-0

[Event "NM for klubblag"]
[Site "Drammen"]
[Date "2010.10.09"]
[Round "4"]
[White "Hammerstad, Åsmund"]
[Black "Stubberud, Ørnulf"]
[Result "1/2-1/2"]
[WhiteElo "2171"]
[BlackElo "2310"]
[PlyCount "53"]
[EventDate "2011.??.??"]
[WhiteTeam "Asker Schakklubb 1"]
[BlackTeam "Oslo Schakselskap 1"]

1. d4 Nf6 2. c4 g6 3. Nc3 Bg7 4. e4 d6 5. Nf3 O-O 6. Be2 e5 7. Be3 Na6 8. O-O
Ng4 9. Bg5 Qe8 10. h3 h6 11. Bc1 Nf6 12. dxe5 dxe5 13. Be3 Qe7 14. a3 c6 15. b4
Nh5 16. c5 Nc7 17. Qd6 Re8 18. Rfd1 Be6 19. b5 Nf4 20. Bf1 Rac8 21. Qxe7 Rxe7
22. bxc6 bxc6 23. Rab1 Ne8 24. Ba6 Rcc7 25. Rb8 Kf8 26. Rdd8 Rcd7 27. Nd2
1/2-1/2

[Event "NM for klubblag"]
[Site "Drammen"]
[Date "2010.10.09"]
[Round "4"]
[White "Nordby, Bernt"]
[Black "Skrondal, Inge Sandstad"]
[Result "1/2-1/2"]
[WhiteElo "2058"]
[BlackElo "2181"]
[PlyCount "73"]
[EventDate "2011.??.??"]
[WhiteTeam "Sarpsborg SK"]
[BlackTeam "Akademisk SK 1"]

1. d4 Nf6 2. Nf3 g6 3. c4 Bg7 4. Nc3 O-O 5. e4 d6 6. Be2 e5 7. O-O Nc6 8. d5
Ne7 9. Ne1 Nd7 10. f3 f5 11. g4 f4 12. h4 Kf7 13. Rf2 Ng8 14. Rh2 Bf6 15. Ng2
a5 16. a3 Be7 17. Rb1 c5 18. h5 Ngf6 19. hxg6+ hxg6 20. Kf2 Rh8 21. Qh1 Kg7 22.
Rxh8 Qxh8 23. Qxh8+ Kxh8 24. a4 Nb8 25. Bd2 Na6 26. Rh1+ Kg7 27. Ne1 Ne8 28.
Bd1 Bd7 29. b3 b6 30. Nd3 Nec7 31. Kg2 Nb4 32. Nb2 Rh8 33. Rxh8 Kxh8 34. Be1
Kg7 35. Bf2 Kf6 36. Bh4+ Kf7 37. Bf2 1/2-1/2

[Event "NM for klubblag"]
[Site "Drammen"]
[Date "2010.10.09"]
[Round "4"]
[White "Briseid, Håkon"]
[Black "Hamre, Kenneth"]
[Result "1-0"]
[WhiteElo "2097"]
[BlackElo "1810"]
[PlyCount "105"]
[EventDate "2011.??.??"]
[WhiteTeam "Akademisk SK 1"]
[BlackTeam "Sarpsborg SK"]

1. d4 Nf6 2. c4 c5 3. Nf3 cxd4 4. Nxd4 e5 5. Nb5 d5 6. cxd5 Bc5 7. N5c3 O-O 8.
g3 Bf5 9. Bg2 e4 10. O-O Nbd7 11. a3 Re8 12. b4 Bd6 13. Nd2 Rc8 14. Qb3 Nb6 15.
Bb2 Qd7 16. f4 exf3 17. Rxf3 Be5 18. e4 Bd4+ 19. Kh1 Nxe4 20. Ncxe4 Bxb2 21.
Qxb2 Bxe4 22. Nxe4 Rxe4 23. Rxf7 Qxf7 24. Bxe4 Nxd5 25. Qb3 Nb6 26. Qxf7+ Kxf7
27. Bxb7 Rc2 28. Rf1+ Ke7 29. Rf5 Rc7 30. Ba6 Rc3 31. Ra5 Rc7 32. Be2 Kd6 33.
Bf3 h6 34. Kg1 Re7 35. Kf2 Rc7 36. Ke1 Nd7 37. Kd2 Nb6 38. Kd3 Rf7 {
[%emt 0:00:00]} 39. Be4 Rc7 40. Ra6 Ke5 41. Ra5+ Kd6 42. Bg2 Ke6 43. a4 Kd6 44.
Ra6 Ke5 45. a5 Nc8 46. Rc6 Rd7+ 47. Kc3 Ne7 48. Rc5+ Kd6 49. Kc4 a6 50. b5
axb5+ 51. Kxb5 g5 52. a6 Ra7 53. Bb7 1-0

[Event "NM for klubblag"]
[Site "Drammen"]
[Date "2010.10.09"]
[Round "4"]
[White "Andersen, Dag"]
[Black "Dulman, Egmond-Gabriel"]
[Result "1/2-1/2"]
[WhiteElo "1717"]
[BlackElo "2004"]
[PlyCount "87"]
[EventDate "2011.??.??"]
[WhiteTeam "Sarpsborg SK"]
[BlackTeam "Akademisk SK 1"]

1. d4 d5 2. Nf3 Nf6 3. c4 c6 4. Nc3 e6 5. e3 Nbd7 6. Bd3 Bd6 7. O-O dxc4 8.
Bxc4 Qc7 9. Qe2 O-O 10. Rd1 e5 11. dxe5 Nxe5 12. Nxe5 Bxe5 13. h3 Re8 14. Qc2
Qe7 15. Ne2 Bc7 16. Bd3 Qe5 17. Ng3 h5 18. Bd2 h4 19. Bc3 Qg5 20. Nf5 Bxf5 21.
Bxf5 Nd5 22. Rd4 Nxc3 23. bxc3 Re7 24. Rad1 Qf6 25. Bg4 Qe5 26. Bf3 Qf6 27. Qa4
Bb6 28. Rxh4 Qxc3 29. Qg4 g6 30. Qg5 Rae8 31. Qh6 Qg7 32. Qxg7+ Kxg7 33. Rc4
Re5 34. Rc2 R8e7 35. Rcd2 f5 36. g3 Kf6 37. Rd7 Rxd7 38. Rxd7 Re7 39. Rd3 Bc7
40. Kg2 Be5 41. Bd1 Bc7 42. Bf3 Be5 43. Bd1 Bc7 44. Bf3 1/2-1/2

[Event "NM for klubblag"]
[Site "Drammen"]
[Date "2010.10.09"]
[Round "4"]
[White "Fredriksen, Jan Gunnar"]
[Black "Forsberg, Jan"]
[Result "1-0"]
[WhiteElo "1746"]
[BlackElo "1608"]
[PlyCount "99"]
[EventDate "2011.??.??"]
[WhiteTeam "Akademisk SK 1"]
[BlackTeam "Sarpsborg SK"]

1. e4 e5 2. Nc3 Nf6 3. Bc4 Bc5 4. d3 O-O 5. Bg5 c6 6. Qd2 h6 7. Bh4 d6 8. O-O-O
b5 9. Bb3 a5 10. a4 Be6 11. Bxe6 fxe6 12. Nf3 Qb6 13. Rde1 Nbd7 14. Re2 b4 15.
Nd1 Nh5 16. Bg3 Nf4 17. Bxf4 Rxf4 18. b3 Raf8 19. Ne3 Bd4 20. Nxd4 Qxd4 21. Kb1
d5 22. exd5 cxd5 23. f3 Rc8 24. Rhe1 h5 25. Nd1 Rcf8 26. Qe3 Qxe3 27. Rxe3 h4
28. Nf2 R4f5 29. h3 Rg5 30. Ng4 Rff5 31. d4 exd4 32. Rxe6 d3 33. cxd3 Nc5 34.
Re8+ Kh7 35. Kc2 Rg6 36. d4 Nd7 37. R8e6 Nf6 38. R6e5 Rgg5 39. Rxf5 Rxf5 40.
Re6 Nxg4 41. hxg4 Rf4 42. Re5 Rxd4 43. Rh5+ Kg6 44. Rxh4 Rf4 45. Rh5 Rd4 46.
Rf5 Kh7 47. g3 Kg8 48. Re5 Kf7 49. Re1 Kf6 50. Re8 1-0

[Event "NM for klubblag"]
[Site "Drammen"]
[Date "2010.10.09"]
[Round "4"]
[White "Stokke, Kjetil"]
[Black "Hjelmås, Lars"]
[Result "1-0"]
[WhiteElo "2395"]
[BlackElo "2248"]
[PlyCount "63"]
[EventDate "2011.??.??"]
[WhiteTeam "Bergens Schakklub"]
[BlackTeam "Drammen Tigers"]

1. Nf3 Nf6 2. c4 g6 3. Nc3 d5 4. cxd5 Nxd5 5. Qa4+ c6 6. Nxd5 Qxd5 7. e4 Qd6 8.
e5 Qc7 9. Qh4 c5 10. Bc4 Nc6 11. Qf4 f6 12. Bf7+ Kd8 13. O-O Nxe5 14. Nxe5 Qxe5
15. Qf3 Bg7 16. d4 cxd4 17. Bf4 Qb5 18. Rfd1 e5 19. Bh6 Bg4 20. Qxg4 Bxh6 21.
Qh3 Bg7 22. Rac1 Qd7 23. Qb3 Ke7 24. Be6 Qd6 25. Qxb7+ Kxe6 26. Rc6 Bh6 27.
Qb3+ Ke7 28. Rxd6 Kxd6 29. Qa3+ Kd5 30. Qf3+ e4 31. Qb3+ Ke5 32. Qb5+ 1-0

[Event "NM for klubblag"]
[Site "Drammen"]
[Date "2010.10.09"]
[Round "4"]
[White "Henriksen, Geir Ivar"]
[Black "Gullaksen, Eirik"]
[Result "1/2-1/2"]
[WhiteElo "2133"]
[BlackElo "2323"]
[PlyCount "62"]
[EventDate "2011.??.??"]
[WhiteTeam "Drammen Tigers"]
[BlackTeam "Bergens Schakklub"]

1. d4 Nf6 2. c4 g6 3. Nf3 Bg7 4. Nc3 O-O 5. Bg5 c5 6. d5 d6 7. e3 h6 8. Bh4 Qa5
9. Nd2 Bf5 10. Be2 g5 11. Bg3 Ne4 12. Ndxe4 Bxe4 13. O-O Bxc3 14. bxc3 Qxc3 15.
Rc1 Qg7 16. f3 Bg6 17. Qb3 b6 18. Be1 Nd7 19. Bc3 f6 20. Qb5 Rfd8 21. a4 a6 22.
Qc6 Be8 23. Rb1 Rab8 24. Qc7 Rdc8 25. Qa7 Ra8 26. Qb7 Rcb8 27. Qc7 Qg6 28. Rb2
Rc8 29. Qb7 Rcb8 30. Qc7 Rc8 31. Qb7 Rcb8 1/2-1/2

[Event "NM for klubblag"]
[Site "Drammen"]
[Date "2010.10.09"]
[Round "4"]
[White "Gabrielsen, Stig"]
[Black "Ludvigsen, Frode"]
[Result "1-0"]
[WhiteElo "2274"]
[BlackElo "2009"]
[PlyCount "81"]
[EventDate "2011.??.??"]
[WhiteTeam "Bergens Schakklub"]
[BlackTeam "Drammen Tigers"]

1. e4 {[%emt 0:00:00]} e6 {[%emt 0:00:00]} 2. d4 {[%emt 0:00:00]} d5 3. Nc3 Bb4
4. e5 c5 5. a3 Bxc3+ 6. bxc3 Qa5 7. Bd2 Qa4 8. Qb1 c4 9. Nf3 Nc6 10. Be2 f6 11.
O-O fxe5 12. Nxe5 Nxe5 13. dxe5 Ne7 14. Bh5+ Ng6 15. f4 O-O 16. Be3 b6 17. Qd1
Bd7 18. Rf2 Ne7 19. Bg4 Qc6 20. a4 Be8 21. Qb1 Bg6 22. Qb5 Rac8 23. Qxc6 Rxc6
24. g3 Nf5 25. Bc1 Rd8 26. Bf3 Rc7 27. Ba3 Ne3 28. Rc1 Be8 29. a5 bxa5 30. Re2
Nf5 31. g4 Nh4 32. Bh1 Rf7 33. Rf1 d4 34. Rd2 Ng6 35. f5 Nxe5 36. fxe6 Rxf1+
37. Kxf1 d3 38. Rf2 Ba4 39. cxd3 cxd3 40. e7 Re8 41. Rf8+ 1-0

[Event "NM for klubblag"]
[Site "Drammen"]
[Date "2010.10.09"]
[Round "4"]
[White "Kristiansen, Tor"]
[Black "Skage, Øystein Aagedal"]
[Result "1-0"]
[WhiteElo "2021"]
[BlackElo "1971"]
[PlyCount "93"]
[EventDate "2011.??.??"]
[WhiteTeam "Drammen Tigers"]
[BlackTeam "Bergens Schakklub"]

1. c4 {[%emt 0:00:00]} Nf6 {[%emt 0:00:00]} 2. Nc3 e6 3. Nf3 d5 4. e3 c5 5.
cxd5 Nxd5 6. Nxd5 Qxd5 7. Qc2 Nc6 8. a3 Ne5 9. Nxe5 Qxe5 10. Bb5+ Bd7 11. Bxd7+
Kxd7 12. Qa4+ Ke7 13. O-O f6 14. d4 cxd4 15. Qb4+ Kf7 16. Qxb7+ Be7 17. exd4
Qxd4 18. Be3 Qd5 19. Qa6 Rhd8 20. b4 Qd3 21. Qxd3 Rxd3 22. Rfc1 a5 23. bxa5
Rxa5 24. a4 Rb3 25. g3 e5 26. Rc7 Ke6 27. Kg2 g5 28. h3 Rb4 29. Ra7 Rxa7 30.
Bxa7 Rb7 31. Be3 f5 32. a5 f4 33. a6 Rb8 34. a7 Ra8 35. Bb6 Kd5 36. Rc1 Bd6 37.
f3 Ke6 38. g4 Kd7 39. Kf1 Ke6 40. Ke2 Kd7 41. Kd3 Ke6 42. Ke4 Kd7 43. Kd5 e4
44. Rc6 Be5 45. fxe4 f3 46. Rh6 Bg7 47. Rxh7 1-0

[Event "NM for klubblag"]
[Site "Drammen"]
[Date "2010.10.09"]
[Round "4"]
[White "Ingul, Tormod"]
[Black "Botheim, Tor"]
[Result "1/2-1/2"]
[WhiteElo "1749"]
[BlackElo "1931"]
[PlyCount "74"]
[EventDate "2011.??.??"]
[WhiteTeam "SMPOAÅ"]
[BlackTeam "1911 2"]

1. e4 c5 2. d4 cxd4 3. Bc4 e6 4. c3 dxc3 5. Nxc3 d6 6. Nf3 Be7 7. O-O Nf6 8.
Qe2 O-O 9. Rd1 Ne8 10. Be3 Nc6 11. a3 a6 12. b4 b5 13. Bb3 Bb7 14. Rac1 Rb8 15.
e5 Qc7 16. exd6 Nxd6 17. Bf4 Rbd8 18. Ne4 Qb8 19. Bxe6 fxe6 20. Nxd6 Rxf4 21.
Qxe6+ Kh8 22. Nf7+ Rxf7 23. Qxf7 Rxd1+ 24. Rxd1 Qf8 25. Qxf8+ Bxf8 26. Rd7 Ba8
27. Ne5 Kg8 28. Nxc6 Bxc6 29. Ra7 Be8 30. Rxa6 Kf7 31. Ra8 Bc6 32. Rc8 Bd7 33.
Ra8 Bc6 34. Ra7+ Ke6 35. Kf1 Be7 36. f3 Bf6 37. Ke2 Kd6 1/2-1/2

[Event "NM for klubblag"]
[Site "Drammen"]
[Date "2010.10.09"]
[Round "4"]
[White "Kjøita, Henning"]
[Black "Tørum, Arild"]
[Result "0-1"]
[WhiteElo "1849"]
[BlackElo "1571"]
[PlyCount "68"]
[EventDate "2011.??.??"]
[WhiteTeam "1911 2"]
[BlackTeam "SMPOAÅ"]

1. e4 d5 2. exd5 Nf6 3. d4 Bg4 4. Bb5+ Bd7 5. Bxd7+ Nbxd7 6. c4 Nb6 7. b3 Qd7
8. Nf3 g6 9. O-O Bg7 10. Qd3 O-O 11. Nc3 c6 12. Ne5 Qc7 13. dxc6 bxc6 14. Qf3
Rac8 15. Bf4 Nh5 16. Nxg6 fxg6 17. Bxc7 Rxf3 18. Bxb6 Rxc3 19. Bxa7 e5 20. d5
cxd5 21. cxd5 Rd8 22. Rfd1 Nf6 23. b4 Rxd5 24. Rxd5 Nxd5 25. b5 Rc7 26. b6 Rb7
27. Rb1 Nc3 28. Rb4 Bf8 29. Rc4 Nb5 30. a4 Nxa7 31. a5 Nb5 32. Rc6 Kf7 33. a6
Na7 34. Rc8 Rxb6 0-1

[Event "NM for klubblag"]
[Site "Drammen"]
[Date "2010.10.09"]
[Round "4"]
[White "Dybvik, Edvin"]
[Black "Kjølberg, Jens Hjorth"]
[Result "0-1"]
[WhiteElo "1532"]
[BlackElo "1724"]
[PlyCount "84"]
[EventDate "2011.??.??"]
[WhiteTeam "SMPOAÅ"]
[BlackTeam "1911 2"]

1. e4 c5 2. Nf3 {[%emt 0:00:00]} d6 {[%emt 0:00:00]} 3. b4 cxb4 4. d4 Nf6 5.
Bd3 g6 6. a3 bxa3 7. Rxa3 Bg7 8. Be3 O-O 9. h3 d5 10. e5 Nfd7 11. Qd2 Nb6 12.
Bh6 f6 13. Bxg7 Kxg7 14. h4 h5 15. Nh2 Rh8 16. Qe2 Nc6 17. c3 fxe5 18. dxe5 Nc4
19. Bxc4 dxc4 20. O-O Qd3 21. Ra2 Bf5 22. Qb2 Qd5 23. f4 Bd3 24. Rf2 b5 25. Nf3
a5 26. Nbd2 e6 27. Nf1 b4 28. cxb4 axb4 29. Rxa8 Rxa8 30. Ng5 Bxf1 31. Rxf1
Qd4+ 32. Qxd4 Nxd4 33. Rd1 b3 34. Rxd4 b2 35. Nxe6+ Kg8 36. Ng5 b1=Q+ 37. Kh2
Qb4 38. e6 Re8 39. f5 gxf5 40. Rf4 Qb8 41. g3 Qxf4 42. gxf4 c3 0-1

[Event "NM for klubblag"]
[Site "Drammen"]
[Date "2010.10.09"]
[Round "4"]
[White "Kjøita, Torgeir"]
[Black "Gunnufsen, Morten"]
[Result "1-0"]
[WhiteElo "1627"]
[BlackElo "1336"]
[PlyCount "53"]
[EventDate "2011.??.??"]
[WhiteTeam "1911 2"]
[BlackTeam "SMPOAÅ"]

1. e4 e5 2. Nf3 Nf6 3. Nc3 Nc6 4. Bc4 Bb4 5. O-O d6 6. h3 h6 7. d3 Bxc3 8. bxc3
O-O 9. Nh2 Na5 10. Bb3 Nxb3 11. cxb3 b6 12. c4 Bb7 13. f4 c6 14. Ng4 Nd7 15. f5
Qh4 16. Kh2 Nf6 17. Nxf6+ Qxf6 18. Rf3 d5 19. Rg3 dxe4 20. Qh5 Kh7 21. dxe4 c5
22. Bg5 Qd6 23. Rd1 Qc6 24. Be7 Qxe4 25. Rd6 Rh8 26. Rxg7+ Kxg7 27. Rg6+ 1-0

[Event "NM for klubblag"]
[Site "Drammen"]
[Date "2010.10.09"]
[Round "4"]
[White "Haugli, Petter"]
[Black "Kostadinov, Kaloyan"]
[Result "1-0"]
[WhiteElo "2255"]
[BlackElo "2024"]
[PlyCount "79"]
[EventDate "2011.??.??"]
[WhiteTeam "Moss Schakklub 1"]
[BlackTeam "Stjernen SK"]

1. d4 d5 2. c4 Nf6 3. cxd5 Qxd5 4. Nc3 Qh5 5. Nf3 Nbd7 6. Bf4 Qa5 7. Qd2 e6 8.
e4 Bb4 9. Bd3 c5 10. O-O cxd4 11. Nxd4 O-O 12. Nb3 Bxc3 13. bxc3 Qa4 14. Bd6
Rd8 15. e5 Ng4 16. f4 f5 17. Nd4 Nf8 18. Rab1 a6 19. Qe2 Qe8 20. Bc4 g6 21. h3
Nh6 22. Bxf8 Kxf8 23. Rb6 Bd7 24. Qf2 Rac8 25. Nxe6+ Bxe6 26. Rxe6 Qd7 27. Bb3
Rxc3 28. Qh4 Qd4+ 29. Kh1 Ng8 30. Rf6+ Ke8 31. Qxh7 Rxh3+ 32. Qxh3 Nxf6 33.
Qh8+ Kd7 34. Qxf6 Kc8 35. Rd1 Qxd1+ 36. Bxd1 Rxd1+ 37. Kh2 Rf1 38. e6 Rxf4 39.
e7 Kd7 40. Qf8 1-0

[Event "NM for klubblag"]
[Site "Drammen"]
[Date "2010.10.09"]
[Round "4"]
[White "Omtvedt, Per"]
[Black "Hagen, Anders G"]
[Result "1/2-1/2"]
[WhiteElo "1877"]
[BlackElo "2081"]
[PlyCount "104"]
[EventDate "2011.??.??"]
[WhiteTeam "Stjernen SK"]
[BlackTeam "Moss Schakklub 1"]

1. e4 c5 2. Nf3 Nc6 3. d4 cxd4 4. Nxd4 Nf6 5. Nc3 d6 6. Be2 g6 7. O-O Bg7 8.
Be3 O-O 9. Nb3 Be6 10. f4 Na5 11. e5 Ne8 12. exd6 Nxd6 13. Nxa5 Qxa5 14. Bd4
Nf5 15. Bxg7 Kxg7 16. Qc1 Rac8 17. Bd3 Rfd8 18. Kh1 b5 19. Qe1 b4 20. Ne4 Bc4
21. a3 Bxd3 22. cxd3 Rxd3 23. axb4 Qb6 24. Qf2 Qxf2 25. Rxf2 Rd4 26. Nc3 Rxb4
27. g3 Rcb8 28. Rxa7 Rxb2 29. Ra2 R2b3 30. Ne4 Ne3 31. h3 R8b4 32. Nd2 Rb2 33.
Rxb2 Rxb2 34. Ne4 Rxf2 35. Nxf2 h6 36. Nd3 g5 37. Kg1 Nd5 38. Kf2 gxf4 39. gxf4
Kf6 40. Kf3 Kf5 41. Ne5 f6 42. Nc6 e5 43. fxe5 fxe5 44. Nd8 e4+ 45. Kg3 Nf6 46.
Nf7 Ng8 47. Nd6+ Ke5 48. Nf7+ Ke6 49. Nd8+ Kd5 50. Kf4 Ne7 51. Nf7 Ng6+ 52. Ke3
h5 1/2-1/2

[Event "NM for klubblag"]
[Site "Drammen"]
[Date "2010.10.09"]
[Round "4"]
[White "Johansen, Paul"]
[Black "Liabøtrø, Pål-Ole"]
[Result "0-1"]
[WhiteElo "2255"]
[BlackElo "2024"]
[PlyCount "110"]
[EventDate "2011.??.??"]
[WhiteTeam "Moss Schakklub 1"]
[BlackTeam "Stjernen SK"]

1. d4 d5 2. Nf3 Nf6 3. Bf4 c5 4. dxc5 Nc6 5. c3 e6 6. b4 a5 7. Nd4 Nxd4 8. Qxd4
Nh5 9. e3 Nxf4 10. exf4 Be7 11. Bb5+ Kf8 12. c6 axb4 13. O-O bxc6 14. Bxc6 Rb8
15. a3 Qb6 16. Ba4 Qxd4 17. cxd4 Ba6 18. Rd1 b3 19. Rd2 Bc4 20. Nc3 g6 21. Rb2
Kg7 22. f3 Rhc8 23. Kf2 Bd3 24. Nd1 Bc2 25. Ne3 Bf6 26. Nxc2 Rxc2+ 27. Rxc2
Bxd4+ 28. Ke2 Bxa1 29. Rc1 Bd4 30. Rb1 b2 31. Bc2 Rc8 32. Kd3 Bf6 33. a4 Rc3+
34. Kd2 Ra3 35. Ke2 Kf8 36. Rd1 Ra1 37. g4 Ke7 38. Rb1 Kd6 39. h4 Kc5 40. f5
Kb4 41. g5 Bc3 42. fxg6 fxg6 43. Rd1 Rc1 44. Bb1 Kxa4 45. Rf1 Kb3 46. Rd1 Rxb1
47. Rxb1 Kc2 48. Rf1 b1=Q 49. Rxb1 Kxb1 50. f4 Kc2 51. Kf3 d4 52. f5 exf5 53.
Kf4 d3 54. h5 d2 55. h6 d1=Q 0-1